Statistics for Guess the definition - "P"

Click here to take the quiz!

General Stats

  • This quiz has been taken 121 times
    (120 since last reset)
  • The average score is 4 of 10

Answer Stats

QuestionAnswer% Correct
PandiculationThe act of stretching and yawning when waking up
77%
PuleTo whimper or whine
45%
PauldronA detachable armoured shoulder plate
38%
PlafondAn ornately decorated ceiling
37%
PashmThe fine underfleece of Himalayan goats
35%
PrurientHaving an unhealthy interest in sexual matters
34%
PirogueAn American canoe, usually made from a single tree trunk
26%
ParabasisIn classical Greek theatre, a speech in which the chorus addresses the audience
26%
PonentThe west, pertaining to the west
25%
PapaveraceousResembling a poppy
21%

Score Distribution

Percentile by Number Answered

Percent of People with Each Score

Your Score History

You have not taken this quiz since the last reset